000 00507nam a2200181Ia 4500
005 20250923144508.0
008 008 250917s9999 xx 000 0 eng d
037 _aTextual
040 _aDSWL
_beng
_cDSWL
041 _aeng
_2eng
084 _qDSWL
100 _aSirjamaki, John
_9825462
245 0 _aAmerican family in the twntieth century
_cby John Sirjamaki
260 _aCambridge
_bHarvard Univ Press
_c1953
300 _aix,227p.
942 _cTEXL
999 _c1439634
_d1439634